Champions League Final Man of the Match 2001-2015 - Statistics

General Stats
  • This quiz has been taken 1,935 times
  • The average score is 14 of 15
Answer Stats
Year Fixture Nationality Position Answer % Correct
2011 Barcelona v Manchester United Argentina FW Lionel Messi
99%
2015 Barcelona v Juventus Spain MF Andres Iniesta
97%
2012 Bayern Munich v Chelsea Ivory Coast FW Didier Drogba
97%
2009 Barcelona v Manchester United Spain MF Xavi Hernandez
97%
2002 Bayer Leverkusen v Real Madrid France MF Zinedine Zidane
96%
2013 Bayern Munich v Borussia Dortmund Netherlands MF Arjen Robben
95%
2006 Arsenal v Barcelona Cameroon FW Samuel Eto'o
95%
2005 AC Milan v Liverpool England MF Steven Gerrard
95%
2008 Chelsea v Manchester United Netherlands GK Edwin van der Sar
93%
2001 Bayern Munich v Valencia Germany GK Oliver Kahn
92%
2003 AC Milan v Juventus Italy DF Paolo Maldini
91%
2014 Atletico de Madrid v Real Madrid Argentina MF Angel Di Maria
90%
2010 Bayern Munich v Internazionale Argentina FW Diego Milito
83%
2007 AC Milan v Liverpool Italy FW Filippo Inzaghi
83%
2004 AS Monaco v FC Porto Portugal MF Deco
79%
No matching quizzes found
Score Distribution
Percent of People with Each Score
Percentile by Number Answered
Your Score History
You have not taken this quiz